000 00967cam a22003137a 4500
003 CHAP
005 20220329135354.0
008 971013s1944 r 00010 d
010 _a35248
011 _a36220
035 _a40339
040 _cCHAP
090 _aFolleto 846
110 _aMéxico. Secretaría de Agricultura y Fomento
_977108
245 1 3 _aEl trigo
_b: monografía comerciales
260 _aMéxico, D.F. :
_b(s.e.),
_c1944
300 _a37 p.
_b: ilus. ; gráfs
490 0 _aBoletín
_v; 217
590 _aBATCH-UPD
_b10
_c20130110
_lUCH01
_h1703
590 _aBATCH-UPD
_b10
_c20130410
_lUCH01
_h1050
590 _aBATCH-UPD
_b10
_c20130914
_lUCH01
_h0650
590 _aCONVERSION
_b10
_c20130109
_lUCH01
_h1320
650 1 4 _aTrigo
_xAspectos económicos
_zMéxico.
_9114979
650 1 4 _aTrigo
_zMéxico.
_9115130
830 0 _aBoletín
_v; 217
_913507
901 _aBK
942 _cFOLL
949 _aFolleto 846
_bBC
_cFOLL
_d-92246
_eTS1
_i40339
_mD
_si
999 _c35248
_d35248